[Event "FIDE World Blitz 2013"]
[Site "Khanty-Mansiysk RUS"]
[Date "2013.06.09"]
[Round "9.22"]
[White "Bezgodov, Alexei"]
[Black "Safarli, Eltaj"]
[Result "0-1"]
[WhiteTitle "GM"]
[BlackTitle "GM"]
[WhiteElo "2482"]
[BlackElo "2660"]
[WhiteFideId "4105257"]
[BlackFideId "13402129"]
[EventDate "2013.06.09"]

1. e4 c5 2. a3 g6 3. Bc4 Bg7 4. h4 h5 5. Nc3 Nc6 6. d3 e6 7. Nf3 d6 8. Bf4 Be5
9. Qd2 a6 10. Ba2 b5 11. Be3 Nd4 12. Rb1 Ne7 13. Ng5 Nec6 14. Nd1 b4 15. O-O a5
16. f4 O-O 17. Ra1 a4 18. Rc1 b3 19. cxb3 axb3 20. Bxb3 0-1

[Event "FIDE World Blitz 2013"]
[Site "Khanty-Mansiysk RUS"]
[Date "2013.06.09"]
[Round "9.23"]
[White "Pasiev, Rakhim"]
[Black "Artemiev, Vladislav"]
[Result "0-1"]
[WhiteTitle "IM"]
[BlackTitle "IM"]
[WhiteElo "2384"]
[BlackElo "2524"]
[WhiteFideId "24122475"]
[BlackFideId "24101605"]
[EventDate "2013.06.09"]

1. e4 c5 2. Nf3 e6 3. d4 cxd4 4. Nxd4 a6 5. Bd3 Ne7 6. O-O Nbc6 7. Be3 Nxd4 8.
Bxd4 Nc6 9. Be3 Be7 10. f4 O-O 11. Kh1 d6 12. Qf3 b5 13. Nd2 Bb7 14. Qh3 Nb4 15.
Nf3 Rc8 16. Rf2 Nxd3 17. cxd3 d5 18. e5 d4 19. Nxd4 Qd5 20. Raf1 Bc5 21. Nb3
Qxd3 22. Nxc5 Rxc5 23. Qg3 Rc2 24. h3 Rxb2 25. f5 Rxf2 26. Rxf2 exf5 27. Rd2 Qc3
28. Rd7 Bxg2+ 29. Kh2 Bc6 30. Rd6 Qc2+ 31. Bf2 Qe4 32. Qg1 Qxe5+ 33. Bg3 f4 34.
Rxc6 fxg3+ 0-1

[Event "FIDE World Blitz 2013"]
[Site "Khanty-Mansiysk RUS"]
[Date "2013.06.09"]
[Round "9.25"]
[White "Gundavaa, Bayarsaikhan"]
[Black "Gordievsky, Dmitry"]
[Result "1-0"]
[WhiteTitle "GM"]
[BlackTitle "FM"]
[WhiteElo "2516"]
[BlackElo "2474"]
[WhiteFideId "4901045"]
[BlackFideId "24112798"]
[EventDate "2013.06.09"]

1. d4 e6 2. c4 b6 3. e4 Bb7 4. Bd3 f5 5. Nc3 Bb4 6. Qe2 Qh4 7. Nf3 Qg4 8. h3
Bxc3+ 9. bxc3 Qg6 10. d5 fxe4 11. Bxe4 Qf6 12. O-O Qd8 13. dxe6 Bxe4 14. Qxe4
Ne7 15. Qxa8 Nec6 16. exd7+ Qxd7 17. Ne5 1-0

[Event "FIDE World Blitz 2013"]
[Site "Khanty-Mansiysk RUS"]
[Date "2013.06.09"]
[Round "9.26"]
[White "Skatchkov, Pavel"]
[Black "Kurnosov, Igor"]
[Result "0-1"]
[WhiteTitle "GM"]
[BlackTitle "GM"]
[WhiteElo "2486"]
[BlackElo "2657"]
[WhiteFideId "4121848"]
[BlackFideId "4142527"]
[EventDate "2013.06.09"]

1. d4 Nf6 2. Nf3 g6 3. g3 Bg7 4. Bg2 O-O 5. O-O d5 6. c4 dxc4 7. Nc3 Nbd7 8. e4
Nb6 9. Qe2 Bg4 10. Rd1 c6 11. Bf4 Nh5 12. Be3 Qc8 13. a4 a5 14. d5 Ra6 15. Rac1
Nf6 16. Bc5 cxd5 17. Qe3 dxe4 18. Nxe4 Nxe4 19. Bxb6 Nd6 20. Bc5 Nf5 21. Qa3
Bxb2 22. Qxb2 Qxc5 23. Qxb7 Rb6 24. Qe4 Bxf3 25. Bxf3 Rb4 26. Rd5 Qb6 27. Rxc4
Rb1+ 28. Kg2 Nd6 29. Rxd6 exd6 30. Qf4 Rb4 31. Bd5 Rxc4 32. Qxc4 Qc5 33. Qe4 Qb4
34. Qc2 Qd4 35. Qb3 Kg7 36. h4 h5 37. Qb5 Qc5 38. Qb7 Qd4 39. Qb5 Rc8 40. Bxf7
Qe4+ 41. Kh3 Qh1# 0-1

[Event "FIDE World Blitz 2013"]
[Site "Khanty-Mansiysk RUS"]
[Date "2013.06.09"]
[Round "9.27"]
[White "Byambaa, Zulzaga"]
[Black "Cherniaev, Alexander"]
[Result "0-1"]
[WhiteTitle "FM"]
[BlackTitle "GM"]
[WhiteElo "2285"]
[BlackElo "2447"]
[WhiteFideId "4900642"]
[BlackFideId "4117301"]
[EventDate "2013.06.09"]

1. e4 g6 2. d4 Bg7 3. Nf3 c6 4. Nc3 d5 5. e5 Bg4 6. h3 Bxf3 7. Qxf3 e6 8. h4 h5
9. Bg5 Qb6 10. O-O-O Nd7 11. Kb1 Nh6 12. Qd3 a6 13. Na4 Qa5 14. Qb3 b5 15. Nc3
c5 16. Ne2 Nf5 17. c3 c4 18. Qa3 Qxa3 19. bxa3 Bf8 20. Bc1 Nb6 21. g3 Na4 22.
Bh3 Be7 23. Bxf5 gxf5 24. Kc2 Kd7 25. Rdg1 Rag8 26. Re1 Nb6 27. Nf4 Kc6 28. Ne2
Nd7 29. Rh2 a5 30. Bb2 Nf8 31. Rhh1 Ng6 32. Bc1 Rb8 33. Rd1 Rb7 34. Rdg1 Ra7 35.
Rd1 b4 36. a4 Rb7 37. Bd2 Nf8 38. Rb1 Nd7 39. Nf4 Bf8 40. Rb2 Nb8 41. Rhb1 Na6
42. Rd1 Be7 43. Rdb1 Rbb8 44. Rd1 Kd7 45. Rdb1 Ke8 46. Rd1 Kf8 47. Rdb1 Ke8 48.
Rd1 Kd7 49. Rdb1 Bf8 50. Rd1 Kc6 51. Rdb1 Bh6 52. Ne2 Bxd2 53. Kxd2 Kd7 54. Nf4
Ke7 55. Kc2 Kf8 56. Kd2 Kg7 57. Kc2 Kh6 58. Kd2 Rb7 59. Kc2 Rhb8 60. Kd2 Rb6 61.
Kc2 R8b7 62. Kd2 Nb8 63. Kc2 Nc6 64. Ne2 Ne7 65. cxb4 axb4 66. a5 Rb5 67. a6
R7b6 68. a7 Ra5 69. Rxb4 Rxb4 70. Rxb4 Rxa2+ 71. Rb2 Rxa7 72. Kd2 Ng6 73. Ke3
Ra3+ 74. Kd2 Rd3+ 75. Ke1 f4 76. Rb7 Kg7 77. Rc7 f3 78. Ng1 Rxd4 79. Nxf3 Re4+
80. Kd2 Nxe5 81. Ng5 0-1

[Event "FIDE World Blitz 2013"]
[Site "Khanty-Mansiysk RUS"]
[Date "2013.06.09"]
[Round "9.28"]
[White "Al-Sayed, Mohammed"]
[Black "Ram, S. Krishnan"]
[Result "0-1"]
[WhiteTitle "GM"]
[WhiteElo "2498"]
[BlackElo "2248"]
[WhiteFideId "12100196"]
[BlackFideId "5010519"]
[EventDate "2013.06.09"]

1. d4 Nf6 2. Nf3 e6 3. Bg5 h6 4. Bxf6 Qxf6 5. e4 d5 6. Nbd2 Qd8 7. Bd3 Be7 8.
O-O O-O 9. Qe2 Nd7 10. Rfe1 dxe4 11. Nxe4 b6 12. Rad1 Bb7 13. c4 Nf6 14. Ne5 Bb4
15. Rf1 Bd6 16. Ng3 Qe7 17. Bc2 Rfd8 18. Ng4 Nxg4 19. Qxg4 Qg5 20. Qxg5 hxg5 21.
Be4 Bxg3 22. Bxb7 Rab8 23. hxg3 Rxb7 24. f4 gxf4 25. gxf4 c6 26. Kf2 Rbd7 27.
Ke3 c5 28. d5 exd5 29. cxd5 Rxd5 30. Rxd5 Rxd5 31. Ke4 Rd2 32. g4 Rxb2 33. Rd1
Rxa2 34. Rd8+ Kh7 35. Kf5 c4 36. Rc8 Ra5+ 37. Ke4 Rc5 38. Kd4 0-1

[Event "FIDE World Blitz 2013"]
[Site "Khanty-Mansiysk RUS"]
[Date "2013.06.09"]
[Round "9.29"]
[White "Kabanov, Nikolai"]
[Black "Sibriaev, Aleksandr"]
[Result "1-0"]
[WhiteTitle "GM"]
[BlackTitle "FM"]
[WhiteElo "2472"]
[BlackElo "2239"]
[WhiteFideId "4127820"]
[BlackFideId "4116070"]
[EventDate "2013.06.09"]

1. e4 c5 2. Nf3 d6 3. c3 Nf6 4. Be2 Nc6 5. d4 cxd4 6. cxd4 e5 7. d5 Nb8 8. Nc3
Be7 9. O-O O-O 10. Ne1 Nbd7 11. Nd3 Nc5 12. Nxc5 dxc5 13. f4 Nd7 14. d6 Bf6 15.
f5 a6 16. a4 b6 17. Be3 Bb7 18. Qd2 Rc8 19. Rad1 h6 20. Bc4 Bg5 21. Bxg5 Qxg5
22. Qxg5 hxg5 23. Bd5 Rb8 24. Bxb7 Rxb7 25. Nd5 f6 26. Nc7 Ra7 27. Rd3 Kf7 28.
Rh3 Rc8 29. Rd1 c4 30. Rc3 b5 31. axb5 axb5 32. Nxb5 Rb7 33. Nc7 Rxb2 34. Rxc4
g6 35. Ra4 Rb7 36. Raa1 Rb4 37. Ra7 Rxe4 38. Nd5 gxf5 39. Rxd7+ Kf8 40. Nxf6 Re2
41. Nh7+ Kg8 42. Nf6+ Kf8 43. Rc7 Rc2 44. Rxc2 1-0

[Event "FIDE World Blitz 2013"]
[Site "Khanty-Mansiysk RUS"]
[Date "2013.06.09"]
[Round "10.3"]
[White "Nepomniachtchi, Ian"]
[Black "Inarkiev, Ernesto"]
[Result "1-0"]
[WhiteTitle "GM"]
[BlackTitle "GM"]
[WhiteElo "2717"]
[BlackElo "2680"]
[WhiteFideId "4168119"]
[BlackFideId "4162722"]
[EventDate "2013.06.09"]

1. e4 c5 2. Nf3 d6 3. d4 cxd4 4. Qxd4 Nf6 5. Bb5+ Bd7 6. c4 g6 7. O-O Bg7 8. Nc3
O-O 9. h3 a6 10. Bxd7 Nbxd7 11. Qd3 Nc5 12. Qe2 b5 13. cxb5 axb5 14. e5 dxe5 15.
Nxe5 b4 16. Nc6 Qd6 17. Nxe7+ Kh8 18. Nb5 Qa6 19. Qc4 Nfd7 20. Be3 Rfb8 21. a4
Nxa4 22. Rxa4 Qxa4 23. Nd6 Ne5 24. Bd4 Ra7 25. Bxe5 Rxe7 26. Nxf7+ Rxf7 27. Bxb8
Rf8 28. Bd6 Re8 29. b3 Qd7 30. Qxb4 h6 31. Bc5 Rc8 32. Be3 Qd5 33. Qg4 Rc6 34.
b4 h5 35. Qd1 Qc4 36. Qb1 Re6 37. b5 Bd4 38. Bxd4+ Qxd4 39. Qa1 Qxa1 40. Rxa1
Kg7 41. Rb1 Rb6 42. f4 Kf6 43. Kf2 Ke6 44. Kf3 Kd5 45. g4 hxg4+ 46. hxg4 Kd4 47.
g5 Kd5 1-0

[Event "FIDE World Blitz 2013"]
[Site "Khanty-Mansiysk RUS"]
[Date "2013.06.09"]
[Round "10.7"]
[White "Sargissian, Gabriel"]
[Black "Guseinov, Gadir"]
[Result "1/2-1/2"]
[WhiteTitle "GM"]
[BlackTitle "GM"]
[WhiteElo "2671"]
[BlackElo "2631"]
[WhiteFideId "13300881"]
[BlackFideId "13401378"]
[EventDate "2013.06.09"]

1. d4 Nf6 2. c4 g6 3. Nf3 Bg7 4. g3 O-O 5. Bg2 d6 6. Nc3 Nbd7 7. O-O e5 8. h3
Re8 9. e4 exd4 10. Nxd4 Nc5 11. Re1 a5 12. Qc2 a4 13. Be3 c6 14. Rab1 Bd7 15. b4
axb3 16. axb3 Qc8 17. Kh2 Re5 18. f3 Rh5 19. h4 h6 20. Bf2 Re5 21. b4 Na6 22.
Nde2 Qc7 23. Qd2 Ree8 24. Red1 Be6 25. b5 Nc5 26. bxc6 bxc6 27. Qxd6 Qxd6 28.
Rxd6 Nfd7 29. Rxc6 Nd3 30. Bd4 N7e5 31. Rc7 Nxc4 32. Bxg7 Kxg7 33. f4 Ne3 34.
Nd4 Bg4 35. f5 Rad8 36. Ne6+ Rxe6 37. fxe6 Bxe6 38. Nd5 Nxg2 39. Kxg2 Bxd5 40.
exd5 Rxd5 41. Kh2 Ne5 42. Rc2 Ng4+ 43. Kh3 h5 44. Re1 Rd7 45. Rce2 Rd6 46. Kg2
Rf6 47. Rf1 1/2-1/2

[Event "FIDE World Blitz 2013"]
[Site "Khanty-Mansiysk RUS"]
[Date "2013.06.09"]
[Round "10.8"]
[White "Mamedov, Rauf"]
[Black "Rakhmanov, Aleksandr"]
[Result "1-0"]
[WhiteTitle "GM"]
[BlackTitle "GM"]
[WhiteElo "2637"]
[BlackElo "2602"]
[WhiteFideId "13401653"]
[BlackFideId "4173708"]
[EventDate "2013.06.09"]

1. e4 e6 2. d4 d5 3. Nd2 c5 4. exd5 exd5 5. Ngf3 Nf6 6. Bb5+ Bd7 7. Bxd7+ Nbxd7
8. O-O Be7 9. dxc5 Nxc5 10. Nb3 Nce4 11. c3 O-O 12. h3 a5 13. Nbd4 a4 14. a3 Re8
15. Be3 Nd6 16. Qc2 h6 17. Rad1 Nc4 18. Bc1 Bf8 19. Rfe1 Qb6 20. Rxe8 Nxe8 21.
Nf5 Nf6 22. Ne3 Qb3 23. Qxb3 axb3 24. Nxd5 Nxd5 25. Rxd5 Bxa3 26. bxa3 b2 27.
Bxb2 Nxb2 28. Rb5 Nd1 29. Rb3 Rc8 30. Rxb7 Nxc3 31. Ne5 Ra8 32. Nc4 Rc8 33. Nb6
Rc5 34. Rb8+ Kh7 35. Rc8 Rb5 36. Rxc3 Rxb6 37. Rc1 Ra6 38. Ra1 Ra4 39. Kf1 Kg6
40. Ke2 Kf5 41. Kd3 Ke5 42. Kc3 Kd5 43. Kb3 Rf4 44. f3 Kc5 45. a4 Kb6 46. Rd1
Rf6 47. Rd4 h5 48. Rd5 Rg6 49. g4 hxg4 50. hxg4 Re6 51. Kc4 Re3 52. Rd3 Re7 53.
Rd5 Re3 54. Rf5 f6 55. Kd5 Kc7 56. Kc5 Kb7 57. Kd6 Kb6 58. a5+ Ka6 59. Kc7 Rc3+
60. Kd7 Re3 61. f4 Rg3 62. g5 fxg5 63. fxg5 g6 64. Rd5 Kb7 65. Ke7 Rf3 66. a6+
Kxa6 67. Rd6+ Kb7 68. Rxg6 Rg3 69. Rg8 Kc7 70. g6 Re3+ 71. Kf6 Kd7 72. Ra8 1-0

[Event "FIDE World Blitz 2013"]
[Site "Khanty-Mansiysk RUS"]
[Date "2013.06.09"]
[Round "10.13"]
[White "Riazantsev, Alexander"]
[Black "Tkachiev, Vladislav"]
[Result "1-0"]
[WhiteTitle "GM"]
[BlackTitle "GM"]
[WhiteElo "2708"]
[BlackElo "2649"]
[WhiteFideId "4125029"]
[BlackFideId "618438"]
[EventDate "2013.06.09"]

1. d4 Nf6 2. c4 e6 3. Nf3 Bb4+ 4. Nbd2 O-O 5. a3 Be7 6. e4 d6 7. Be2 Nbd7 8. Qc2
e5 9. Nb1 c6 10. Nc3 exd4 11. Nxd4 d5 12. exd5 cxd5 13. cxd5 Nb6 14. O-O Nfxd5
15. Nxd5 Nxd5 16. Rd1 Qb6 17. Nf5 Bxf5 18. Qxf5 Nf6 19. b4 Rfd8 20. Be3 Qe6 21.
Qxe6 fxe6 22. Rxd8+ Bxd8 23. Bf3 Nd5 24. Bxd5 exd5 25. Rd1 a5 26. b5 Be7 27. a4
Rc8 28. Rxd5 Rc4 29. Rd4 Rxd4 30. Bxd4 Kf7 31. Kf1 g6 32. Ke2 Ke6 33. Kd3 Kd5
34. Bc3 Bd8 35. f4 h5 36. Bd2 Bc7 37. g3 Bd8 38. h3 Bc7 39. g4 hxg4 40. hxg4 Bd8
41. Bc3 Kc5 42. Ke4 Kc4 43. Bg7 Kb3 44. Kd3 Kxa4 45. Ke4 1-0

[Event "FIDE World Blitz 2013"]
[Site "Khanty-Mansiysk RUS"]
[Date "2013.06.09"]
[Round "10.19"]
[White "Ghaem Maghami, Ehsan"]
[Black "Andreikin, Dmitry"]
[Result "0-1"]
[WhiteTitle "GM"]
[BlackTitle "GM"]
[WhiteElo "2554"]
[BlackElo "2713"]
[WhiteFideId "12500739"]
[BlackFideId "4158814"]
[EventDate "2013.06.09"]

1. e4 c5 2. Nf3 e6 3. c3 Nf6 4. e5 Nd5 5. d4 cxd4 6. cxd4 b6 7. Bc4 Bb7 8. O-O
Na6 9. Bg5 Be7 10. Bxd5 Bxd5 11. Bxe7 Qxe7 12. Nc3 Nc7 13. Rc1 O-O 14. a3 Rac8
15. Nd2 Qg5 16. Nde4 Qg6 17. f3 Bxe4 18. fxe4 Qg5 19. Qd3 Ne8 20. Rc2 d6 21.
exd6 Nxd6 22. Rcf2 Qg6 23. Qe2 Rfd8 24. h3 Rd7 25. Rf3 Nc4 26. Qf2 Nd6 27. Qe2
Nc4 28. Qf2 Nd6 29. Qe2 Rcd8 30. a4 Ne8 31. d5 e5 32. Nb5 Nf6 33. Rf5 Re8 34.
Na3 Qg3 35. Nc4 Qb3 36. Rxf6 gxf6 37. Qg4+ Kf8 38. Qxd7 Qxc4 39. Rxf6 Re7 40.
Qf5 Qxa4 41. Qxh7 Ke8 42. Qf5 Qd1+ 43. Kh2 Qc1 44. d6 Rd7 45. Qxe5+ Kd8 46. Rh6
Qxh6 0-1

[Event "FIDE World Blitz 2013"]
[Site "Khanty-Mansiysk RUS"]
[Date "2013.06.09"]
[Round "10.21"]
[White "Lagno, Kateryna"]
[Black "Popov, Ivan RUS"]
[Result "1-0"]
[WhiteTitle "GM"]
[BlackTitle "GM"]
[WhiteElo "2542"]
[BlackElo "2632"]
[WhiteFideId "14109336"]
[BlackFideId "4170350"]
[EventDate "2013.06.09"]

1. Nf3 Nf6 2. g3 g6 3. Bg2 Bg7 4. d4 O-O 5. O-O d6 6. Re1 Nc6 7. e4 Bg4 8. c3 e5
9. d5 Ne7 10. h3 Bxf3 11. Qxf3 Nd7 12. c4 f5 13. exf5 gxf5 14. Nc3 Ng6 15. Qe2
e4 16. h4 Nge5 17. h5 Nd3 18. Rf1 Nxc1 19. Raxc1 Qg5 20. Nb5 Qd8 21. Qe3 Bxb2
22. Rb1 Be5 23. Nd4 Nc5 24. Ne6 Nxe6 25. dxe6 b6 26. f4 Bg7 27. g4 c5 28. Qg3
Bd4+ 29. Kh2 Kh8 30. gxf5 Rxf5 31. Bxe4 Rxh5+ 32. Kg2 d5 33. Bxh7 Rxh7 34. Rh1
Qe7 35. Rxh7+ Qxh7 36. Rh1 Rg8 37. Rxh7+ Kxh7 38. e7 Re8 39. cxd5 1-0

[Event "FIDE World Blitz 2013"]
[Site "Khanty-Mansiysk RUS"]
[Date "2013.06.09"]
[Round "10.22"]
[White "Safarli, Eltaj"]
[Black "Bezgodov, Alexei"]
[Result "1-0"]
[WhiteTitle "GM"]
[BlackTitle "GM"]
[WhiteElo "2660"]
[BlackElo "2482"]
[WhiteFideId "13402129"]
[BlackFideId "4105257"]
[EventDate "2013.06.09"]

1. e4 e5 2. Nf3 Nf6 3. d4 Nxe4 4. Bd3 d5 5. dxe5 Nc5 6. Be2 Bg4 7. Nc3 c6 8. O-O
Be7 9. Nd4 Bxe2 10. Qxe2 g6 11. Bh6 Qd7 12. Bg7 Rg8 13. Bf6 Ne6 14. Rad1 Nxd4
15. Rxd4 Na6 16. b4 Nc7 17. Ne4 O-O-O 18. Bxe7 Qxe7 19. Nf6 Rh8 20. c3 Ne8 21.
Rf4 Nxf6 22. Rxf6 Rhe8 23. Qg4+ Qd7 24. Qf4 Re7 25. h3 Rde8 26. Re1 Qc7 27. Re3
a6 28. a4 Kb8 29. g3 Ka7 30. Kg2 Qd7 31. Rd6 Qf5 32. Qxf5 gxf5 33. f4 Re6 34.
Rd7 f6 35. Rxh7 fxe5 36. fxe5 Rxe5 37. Rxe5 Rxe5 38. Kf2 Re4 39. Rh4 Re5 40. Rf4
Kb6 41. h4 c5 42. h5 cxb4 43. cxb4 a5 44. h6 Re6 45. Rh4 Re8 46. h7 Rh8 47. Rh6+
Kc7 48. bxa5 1-0

[Event "FIDE World Blitz 2013"]
[Site "Khanty-Mansiysk RUS"]
[Date "2013.06.09"]
[Round "10.23"]
[White "Artemiev, Vladislav"]
[Black "Pasiev, Rakhim"]
[Result "1-0"]
[WhiteTitle "IM"]
[BlackTitle "IM"]
[WhiteElo "2524"]
[BlackElo "2384"]
[WhiteFideId "24101605"]
[BlackFideId "24122475"]
[EventDate "2013.06.09"]

1. Nf3 Nf6 2. g3 d6 3. Bg2 e5 4. c4 c6 5. Nc3 Nbd7 6. O-O Be7 7. b3 O-O 8. Bb2
a6 9. Rc1 Re8 10. d3 Bf8 11. Nd2 Qc7 12. b4 g6 13. e3 Bg7 14. Nb3 Rd8 15. Qe2
Nf8 16. a4 Bg4 17. Qd2 Qd7 18. Rfe1 Bh3 19. Bh1 Ne6 20. a5 d5 21. Na4 dxc4 22.
Nbc5 Qc7 23. Rxc4 Nd5 24. Nxe6 Bxe6 25. Nc5 Bc8 26. Rec1 Qe7 27. Qe2 h5 28. Bg2
Bg4 29. Qc2 Bh6 30. Re1 Rab8 31. h3 Bc8 32. Re4 Bg7 33. f4 Bf5 34. Rc4 exf4 35.
Bxg7 Kxg7 36. gxf4 Nxe3 37. Qb2+ Kh6 38. Qf2 Re8 39. Re4 Bxe4 40. Qxe3 Bxg2 41.
Qxe7 Rxe7 42. Rxe7 Bxh3 43. Rxf7 Bf5 44. d4 Rd8 45. Rxb7 Rxd4 46. Rb6 Rxf4 47.
Nxa6 h4 48. Rxc6 Bd3 49. Nc5 Bb5 50. Rd6 Rxb4 51. Rb6 Kh5 52. a6 Rb1+ 53. Kf2
Rb2+ 54. Ke3 h3 55. a7 Ra2 56. Na6 h2 57. a8=Q Ra3+ 58. Kd4 Rxa6 59. Rxa6 Bxa6
60. Qh8+ 1-0

[Event "FIDE World Blitz 2013"]
[Site "Khanty-Mansiysk RUS"]
[Date "2013.06.09"]
[Round "10.25"]
[White "Gordievsky, Dmitry"]
[Black "Gundavaa, Bayarsaikhan"]
[Result "0-1"]
[WhiteTitle "FM"]
[BlackTitle "GM"]
[WhiteElo "2474"]
[BlackElo "2516"]
[WhiteFideId "24112798"]
[BlackFideId "4901045"]
[EventDate "2013.06.09"]

1. d4 Nf6 2. c4 e6 3. Nf3 d5 4. Nc3 Bb4 5. cxd5 exd5 6. Bg5 Nbd7 7. e3 c5 8.
dxc5 Qa5 9. Rc1 Bxc3+ 10. bxc3 O-O 11. Be2 Qxa2 12. O-O Qa3 13. c4 Qxc5 14. Qb3
dxc4 15. Rxc4 Qa5 16. Rfc1 b6 17. Qb2 Bb7 18. Rc7 Bxf3 19. Bxf3 Qxg5 20. Bxa8
Rxa8 21. Rc8+ Rxc8 22. Rxc8+ Nf8 23. Qa3 Nd7 24. Qxa7 Qd5 25. h3 h6 26. Qa8 Qd1+
27. Kh2 Qd6+ 28. g3 g6 29. Qe4 Kg7 30. Rc6 Qd2 31. Kg2 Ne6 32. h4 h5 33. Qc4 Ne5
34. Qb5 Nxc6 35. Qxc6 Qb2 0-1

[Event "FIDE World Blitz 2013"]
[Site "Khanty-Mansiysk RUS"]
[Date "2013.06.09"]
[Round "10.27"]
[White "Cherniaev, Alexander"]
[Black "Byambaa, Zulzaga"]
[Result "1-0"]
[WhiteTitle "GM"]
[BlackTitle "FM"]
[WhiteElo "2447"]
[BlackElo "2285"]
[WhiteFideId "4117301"]
[BlackFideId "4900642"]
[EventDate "2013.06.09"]

1. e4 d6 2. f4 g6 3. Nf3 Bg7 4. Nc3 c5 5. Bb5+ Nc6 6. Bxc6+ bxc6 7. d3 Nf6 8.
O-O O-O 9. Qe1 Nd7 10. Kh1 e5 11. f5 Nf6 12. Bg5 h6 13. Bh4 g5 14. Nxg5 hxg5 15.
Bxg5 Qd7 16. Qh4 Nh7 17. f6 Qg4 18. fxg7 Re8 19. Qxg4 Bxg4 20. Bh6 Re6 21. Bd2
Rg6 22. h3 Be6 23. Ne2 Kxg7 24. Kh2 Kh8 25. g4 Rag8 26. Ng3 d5 27. Rf2 c4 28.
dxc4 dxc4 29. Raf1 f6 30. Be3 a6 31. c3 Rd8 32. Rd2 Rgg8 33. Rfd1 Rxd2+ 34. Rxd2
Rc8 35. Rd6 Bf7 36. Nf5 Nf8 37. Rxf6 Be6 38. Rh6+ Kg8 39. Ne7+ 1-0

[Event "FIDE World Blitz 2013"]
[Site "Khanty-Mansiysk RUS"]
[Date "2013.06.09"]
[Round "10.28"]
[White "Ram, S. Krishnan"]
[Black "Al-Sayed, Mohammed"]
[Result "1-0"]
[BlackTitle "GM"]
[WhiteElo "2248"]
[BlackElo "2498"]
[WhiteFideId "5010519"]
[BlackFideId "12100196"]
[EventDate "2013.06.09"]

1. d4 d5 2. Nf3 Nf6 3. c4 c6 4. cxd5 cxd5 5. Nc3 Nc6 6. Bf4 a6 7. Rc1 Bf5 8. Qb3
Na5 9. Qa4+ b5 10. Qd1 e6 11. e3 Be7 12. Ne5 O-O 13. g4 Bg6 14. h4 h5 15. Nxg6
fxg6 16. g5 Ng4 17. Be2 Nc4 18. Bxg4 hxg4 19. Qxg4 Rf5 20. b3 Nd6 21. Ke2 Rc8
22. h5 Bxg5 23. Bxd6 Qxd6 24. Ne4 Qd8 25. Rxc8 Qxc8 26. Nd2 gxh5 27. Rxh5 Qd8
28. f4 Bf6 29. Rxf5 exf5 30. Qxf5 Kf8 31. Nf3 Qc7 32. Ng5 Qc1 33. Ne6+ Ke7 34.
Nc5 Qb2+ 35. Kf3 Kd6 36. Qe6+ Kc7 37. Qd7+ Kb6 38. Qb7+ Ka5 39. Qxa6+ Kb4 40.
Nd3+ 1-0

[Event "FIDE World Blitz 2013"]
[Site "Khanty-Mansiysk RUS"]
[Date "2013.06.09"]
[Round "10.29"]
[White "Sibriaev, Aleksandr"]
[Black "Kabanov, Nikolai"]
[Result "0-1"]
[WhiteTitle "FM"]
[BlackTitle "GM"]
[WhiteElo "2239"]
[BlackElo "2472"]
[WhiteFideId "4116070"]
[BlackFideId "4127820"]
[EventDate "2013.06.09"]

1. d4 g6 2. c4 Bg7 3. Nc3 Nf6 4. g3 O-O 5. Bg2 d6 6. Nf3 c6 7. O-O Qb6 8. b3 e5
9. Bb2 e4 10. Ng5 d5 11. cxd5 cxd5 12. f3 h6 13. Nh3 exf3 14. exf3 Nc6 15. Na4
Qd8 16. Nf4 g5 17. Nd3 Nd7 18. Ndc5 Nxc5 19. Nxc5 b6 20. Na4 Ba6 21. Rf2 Bb5 22.
f4 Bxa4 23. bxa4 Rc8 24. Qd2 Re8 25. Raf1 Rc7 26. Qd3 Nb4 27. Qf5 Qd7 28. Qb1
gxf4 29. Rxf4 Re2 30. R4f2 Rcc2 31. a3 Rxb2 32. Qd1 Rxf2 33. Rxf2 Rxf2 34. Kxf2
Nc6 35. Kg1 Nxd4 36. Kh1 Qe6 37. h3 Qe2 38. Qc1 Ne6 39. Bxd5 Qe5 40. Qc4 Qxg3
41. Bxe6 Qe1+ 42. Kg2 Qxe6 43. Qc7 a5 44. Qd8+ Kh7 45. Qd3+ Qg6+ 0-1

[Event "FIDE World Blitz 2013"]
[Site "Khanty-Mansiysk RUS"]
[Date "2013.06.09"]
[Round "10.30"]
[White "Potapov, Pavel"]
[Black "Akbaev, Kazbek"]
[Result "1-0"]
[WhiteTitle "IM"]
[BlackTitle "IM"]
[WhiteElo "2460"]
[BlackElo "2475"]
[WhiteFideId "4169786"]
[BlackFideId "4131045"]
[EventDate "2013.06.09"]

1. e4 e6 2. d4 d5 3. e5 c5 4. c3 f5 5. exf6 Nxf6 6. Nf3 Nc6 7. Be2 Bd6 8. O-O
O-O 9. Re1 c4 10. Nbd2 Ne4 11. Nxe4 dxe4 12. Nd2 Bf4 13. Nxe4 Bxh2+ 14. Kxh2
Qh4+ 15. Kg1 Qxe4 16. Bxc4 Qh4 17. Qc2 Na5 18. Bd3 Bd7 19. Re3 h6 20. Rh3 Qf6
21. Rg3 Be8 22. Be3 Rc8 23. b3 1-0

[Event "FIDE World Blitz 2013"]
[Site "Khanty-Mansiysk RUS"]
[Date "2013.06.09"]
[Round "11.4"]
[White "Sargissian, Gabriel"]
[Black "Mamedov, Rauf"]
[Result "1/2-1/2"]
[WhiteTitle "GM"]
[BlackTitle "GM"]
[WhiteElo "2671"]
[BlackElo "2637"]
[WhiteFideId "13300881"]
[BlackFideId "13401653"]
[EventDate "2013.06.09"]

1. c4 Nf6 2. Nc3 g6 3. Nf3 Bg7 4. g3 O-O 5. Bg2 d6 6. O-O e5 7. d3 Nc6 8. Bg5 h6
9. Bxf6 Bxf6 10. Rb1 a5 11. a3 Bg7 12. b4 axb4 13. axb4 Ne7 14. b5 c6 15. Qb3
Be6 16. Nd2 d5 17. bxc6 bxc6 18. Qc2 Nf5 19. Nb3 Nd4 20. Nxd4 exd4 21. cxd5 cxd5
22. Nb5 Rc8 23. Qd2 h5 24. Rfc1 Qb6 25. Nc7 Qd6 26. Nxe6 fxe6 27. Rxc8 Rxc8 28.
Bf3 Kh7 29. Kg2 Rb8 30. Ra1 Rb7 31. Ra8 Rf7 32. h4 Qc6 33. Qa2 Re7 34. Ra6 Qc7
35. Qa4 Qe5 36. Qc6 Kh6 37. Qc8 Kh7 38. Ra8 Kh6 39. Qg8 Qf6 40. Qb8 Qe5 41. Qc8
Rf7 42. Qe8 Qf6 43. Ra6 Re7 44. Qc8 Qe5 45. Qc1+ Kh7 46. Qc8 Kh6 47. Qc6 Kh7 48.
Ra5 Qc7 49. Qxc7 Rxc7 50. Ra6 Re7 51. g4 hxg4 52. Bxg4 e5 53. Be6 Bf6 54. Kg3 e4
55. Bxd5 exd3 56. exd3 Kg7 57. Be4 Rd7 58. f4 Rc7 59. Kg4 Re7 60. Rc6 Ra7 61.
Rd6 Ra1 62. Rd7+ Kh6 63. Rd6 Rg1+ 64. Kh3 Kg7 65. Rd7+ Kh6 66. Rd6 Kg7 67. Rd5
Rf1 68. Kg3 Rg1+ 69. Kh3 Rf1 70. Kg3 Rg1+ 71. Kh3 Rf1 72. f5 gxf5 73. Rxf5 Rxf5 1/2-1/2

[Event "FIDE World Blitz 2013"]
[Site "Khanty-Mansiysk RUS"]
[Date "2013.06.09"]
[Round "11.7"]
[White "Cheparinov, Ivan"]
[Black "Moiseenko, Alexander"]
[Result "1-0"]
[WhiteTitle "GM"]
[BlackTitle "GM"]
[WhiteElo "2678"]
[BlackElo "2711"]
[WhiteFideId "2905540"]
[BlackFideId "14102560"]
[EventDate "2013.06.09"]

1. d4 Nf6 2. c4 e6 3. Nf3 Bb4+ 4. Bd2 c5 5. Bxb4 cxb4 6. g3 O-O 7. Bg2 d6 8. O-O
Nc6 9. a3 Re8 10. axb4 Nxb4 11. Nc3 Bd7 12. Qb3 a5 13. e4 e5 14. Rad1 Qc7 15.
Rfe1 Bg4 16. Nb5 Qc6 17. Nxd6 Bxf3 18. Nxe8 Bxd1 19. Nxf6+ Qxf6 20. Qxd1 exd4
21. e5 Qb6 22. Bd5 Re8 23. Qf3 Nxd5 24. cxd5 Qb4 25. Rc1 h6 26. Kg2 Rf8 27. b3
b5 28. d6 a4 29. bxa4 Qxa4 30. Qd5 Rd8 31. Rc7 Qa8 32. Qxa8 Rxa8 33. d7 1-0